Profile of a modern Pentecostal movement. (Record no. 16112)

000 -LEADER
fixed length control field 00511nam a2200169 a 4500
001 - CONTROL NUMBER
control field :::00018778$&:&@@
003 - CONTROL NUMBER IDENTIFIER
control field OkBaRHE
005 - DATE AND TIME OF LATEST TRANSACTION
control field 20100331145817.0
008 - FIXED-LENGTH DATA ELEMENTS--GENERAL INFORMATION
fixed length control field s1968 j 000 0 eng u
040 ## - CATALOGING SOURCE
Transcribing agency
100 1# - MAIN ENTRY--PERSONAL NAME
Personal name Huffman, Jasper A.
245 10 - TITLE STATEMENT
Title Profile of a modern Pentecostal movement.
260 ## - PUBLICATION, DISTRIBUTION, ETC. (IMPRINT)
Place of publication, distribution, etc Elkhart, Indiana
Name of publisher, distributor, etc Bethel Publishing
Date of publication, distribution, etc 1968
300 ## - PHYSICAL DESCRIPTION
Extent 36 p.
942 ## - ADDED ENTRY ELEMENTS (KOHA)
Source of classification or shelving scheme
Koha item type Books
Copies
Not for loan Lost status Date acquired Source of classification or shelving scheme Shelving location Copy number Withdrawn status Date last seen Damaged status Permanent Location Price effective from Full call number Koha item type Barcode
  2010-04-14 General Stacks1 2010-04-14 RHEMA Bible Training College2010-04-14BX 8762 .H7 P7Books18778